000 00468nam a2200181Ia 4500
001 21187
005 20260306172901.0
008 260306t2003||||xx |||||||||||||| ||spa||
041 _aESP
082 _aS 344.01
_bB41
100 _aBendezú Neyra, Guillermo E.
_eAUT
245 0 _aDerecho Laboral Sustantivo:
_bLeyes Nro. 26636, 27021, 27022
260 _c2003
300 _a325 páginas :
_c21 cm.
650 _aGEN
654 _aCDE
942 _cLIB
_dJUS
_fJUS
_2ddc
_n
999 _c21187
_d21187